Normal view
MARC view
Entry Personal Name
001 - CONTROL NUMBER
- control field: 1115744
003 - CONTROL NUMBER IDENTIFIER
- control field: OSt
005 - DATE AND TIME OF LATEST TRANSACTION
- control field: 20260213150851.0
008 - FIXED-LENGTH DATA ELEMENTS
- fixed length control field: 260213|| aca||aabn | a|a d
040 ## - CATALOGING SOURCE
- Original cataloging agency: OSt
- Transcribing agency: OSt
100 ## - HEADING--PERSONAL NAME
- Personal name: Bhattacharyya, N. N.
- Fuller form of name: (Narendra Nath),
- Dates associated with a name: 1934-2001
670 ## - SOURCE DATA FOUND
- Source citation: Work cat.: (OSt)1679634: Tantric Buddhism :, 1999.
